• 首页
  • 本馆介绍
  • 公告通知
  • 最新文献
  • 馆藏检索
  • 电子资源
  • 读者导购
  • 参考咨询
  • 我的图书馆
  • 登录
  • 详细信息显示
  • 放入我的书架
  • 预约/预借图书
  • 作者相关作品
  • 分类相关作品
  • 丛书相关作品
  • 出版社相关作品

书目信息

  • 表格格式
  • 工作单格式
  • 卡片格式
题名:
病句分析一百例
    
 
作者: ;江西师范学院南昌分院中文科 编
分册:  
出版信息: 南昌   江西师范学院南昌分院中文科编  
页数: 116页
开本: 20cm
丛书名:
单 册:
中图分类: H043
科图分类:
主题词: 语法学
电子资源:
ISBN:
000 00651nam0 2200193 450
001 0654358110
005 20060510165412.75
010    @dCNY0.40
100    @a20060227d km y0chiy0120 ea
101 0  @achi
102    @aCN@b360000
200 1  @a病句分析一百例@Abing ju fen xi yi bai li@f江西师范学院南昌分院中文科编@Fjiang xi shi fan xue yuan nan chang fen yuan zhong wen ke bian
210    @a南昌@c江西师范学院南昌分院中文科编
215 1  @a116页@d20cm
606 0  @a语法学
690    @aH043@v4
711  0 @a江西师范学院南昌分院中文科@Ajiang xi shi fan xue yuan nan chang fen yuan zhong wen ke@4编
801  0 @aCN@bPFT@c20060510
905    @a10447@dH043@e2
    
    病句分析一百例/江西师范学院南昌分院中文科编.-南昌:江西师范学院南昌分院中文科编
    116页;20cm
    
    
    ISBN :CNY0.40
    
●
相关链接 在E读中查询图书 在五车中查询图书 在当当中查询图书 在豆瓣中查询图书


正题名:病句分析一百例     索取号:H043/2         预约/预借

序号 登录号 条形码 馆藏地/架位号 状态 备注
1 0012434   202329140   密集书库/ [索取号:H043/2] 在馆    
2 0012435   202199334   密集书库/ [索取号:H043/2] 在馆    
3 0012436   202329159   密集书库/ [索取号:H043/2] 在馆    
4 0012438   202329195   密集书库/ [索取号:H043/2] 在馆    
5 0012440   202329186   密集书库/ [索取号:H043/2] 在馆    
6 0012443   202159779   密集书库/ [索取号:H043/2] 在馆    
唐山师范学院图书馆 欢迎您!
大连网信软件有限公司© 版权所有